000 00521nam a2200193Ia 4500
005 20250326145104.0
008 250326s9999 xx 000 0 und d
037 _aTextbook
040 _aFMSL
_beng
_cFMSL
041 _aeng
_2eng
084 _aX65:515 Q0
_qFMSL
100 _aVelmurugan P S
245 0 _aIndian commodity market
_cVelmurugan P S
260 _aNew Delhi
_bNew Delhi, Serials
_c2010
365 _b2500
650 _aManagement
942 _cTB
_hX65:515 Q0
999 _c1306330
_d1306330